000 00697nam a2200289Ia 4500
005 20260324130014.0
008 008 260324s9999 xx 000 0 eng d
020 _a9781849772600
037 _aEBOOK
040 _aCRL
040 _beng
040 _cCRL
041 _2eng
041 _aeng
084 _qCRL
100 _aWorldwatch Institute
_9338796
245 0 _aState of the World 2008
245 0 _bIdeas and Opportunities for Sustainable Economies
260 _bTaylor and Francis
260 _c2008
365 _a
365 _b300
856 _uhttp://www.taylorfrancis.com/books/9781849772600
942 _cEBOOK
999 _c1775906
_d1775906